A Cry in the wilderness at a croweded square/ (Record no. 189789)

MARC details
000 -LEADER
fixed length control field 00639nam a2200193 4500
005 - DATE AND TIME OF LATEST TRANSACTION
control field 20220713111658.0
010 ## - LCCN (DPL NO)
LC control number ENG-133499
020 ## - INTERNATIONAL STANDARD BOOK NUMBER
International Standard Book Number 9789382518631
Terms of availability 300.00
035 ## - SYSTEM CONTROL NUMBER
System control number EN-117031
037 ## - SOURCE OF ACQUISITION
Source of stock number/acquisition DBAD/PUB
082 ## - DEWEY DECIMAL CLASSIFICATION NUMBER
Classification number N
100 ## - MAIN ENTRY--PERSONAL NAME
Personal name Pathare,Rangnath
245 ## - TITLE STATEMENT
Title A Cry in the wilderness at a croweded square/
Statement of responsibility, etc Rangnath Pathare; tr Shreeprakash Adhikari
260 ## - PUBLICATION, DISTRIBUTION, ETC. (IMPRINT)
Place of publication, distribution, etc Bhopal (Madhya Pradesh)
Name of publisher, distributor, etc Indra Publishing House
Date of publication, distribution, etc 2013
270 ## - ADDRESS
Address E-5/21, Arera Colony, Habib Ganj, Police Station Road
City Bhopal (Madhya Pradesh)
Postal code 462016
300 ## - PHYSICAL DESCRIPTION
Extent 272p.
Dimensions 21cm(pbk)
700 ## - ADDED ENTRY--PERSONAL NAME
Personal name Adhikari, Shreeprakash
942 ## - ADDED ENTRY ELEMENTS (KOHA)
Source of classification or shelving scheme Dewey Decimal Classification
Item type English Books
Classification part N
Call number suffix PAT
Holdings
Withdrawn status Lost status Not for loan Collection code Home library Current library Date acquired Source of acquisition Cost, normal purchase price Full call number Barcode Copy number Cost, replacement price Koha item type
      Fiction Bawana Bawana 13/07/2022 DBAD/PUB 300.00 N PAT EN-117031 1 300.00 English Books

© Delhi Public Library
Hit Counter
free hit counter